[Event "Znojemska rotunda 2003"]
[Site "?"]
[Date "????.??.??"]
[Round "7"]
[White "Kubicek, Pavel"]
[Black "Kulovany, Radek"]
[Result "1-0"]
[WhiteElo "1821"]
[BlackElo "1450"]
[PlyCount "97"]

1. e4 d5 2. exd5 Nf6 3. d4 Nxd5 4. c4 Nb6 5. Nc3 Nc6 6. Be3 e6 7. Nf3 Be7 8. a3
Bf6 9. Rc1 O-O 10. Ne4 Re8 11. Nxf6+ Qxf6 12. Bd3 h6 13. O-O e5 14. dxe5 Nxe5
15. Nxe5 Qxe5 16. Bd4 Qg5 17. f4 Qd8 18. Bb1 Re7 19. Bxb6 Rd7 20. Qc2 axb6 21.
Qh7+ Kf8 22. Qh8+ Ke7 23. Rfe1+ Kf6 24. Qh7 Rd2 25. Qe4 Qd6 26. Qf3 Bd7 27. c5
Qd5 28. Qxd5 Rxd5 29. cxb6 cxb6 30. Rcd1 Rxd1 31. Rxd1 Bc6 32. Kf2 Re8 33. Rd4
Re6 34. Rb4 Bd5 35. g4 Rc6 36. Bd3 Rd6 37. h4 g5 38. fxg5+ hxg5 39. h5 Ke5 40.
Bf5 Be6 41. Bxe6 Rxe6 42. Kf3 Rd6 43. Rb5+ Kf6 44. Rf5+ Kg7 45. Rxg5+ Kh6 46.
Rb5 f6 47. Ke4 Kg7 48. Rd5 Rc6 49. Kf5 1-0

[Event "Znojemska rotunda 2003"]
[Site "?"]
[Date "????.??.??"]
[Round "7"]
[White "Dobes, Oldrich"]
[Black "Dolezal, Rudolf"]
[Result "1-0"]
[WhiteElo "2043"]
[BlackElo "1768"]
[PlyCount "103"]

1. e4 e6 2. d4 d5 3. Nd2 c5 4. exd5 Qxd5 5. Ngf3 cxd4 6. Bc4 Qd8 7. Nb3 Nc6 8.
Nbxd4 Nxd4 9. Qxd4 Qxd4 10. Nxd4 a6 11. O-O Nf6 12. Re1 Be7 13. Bg5 O-O 14. c3
Nd5 15. Bxe7 Nxe7 16. Rad1 b5 17. Bb3 Ra7 18. Nf3 Rc7 19. a4 Nc6 20. axb5 axb5
21. Ne5 Na5 22. Ba2 Bb7 23. b4 Nc6 24. Nd7 Rd8 25. Nc5 Rxd1 26. Rxd1 Bc8 27.
Bb1 Kf8 28. Bd3 Na7 29. f4 Bb7 30. Bxh7 Ke7 31. Bd3 Bd5 32. Kf2 Bc6 33. g3 Nc8
34. Ra1 Na7 35. Ke3 Kd6 36. Rd1 Ke7 37. h4 Nc8 38. Ra1 Na7 39. Ra2 Nc8 40. Ra5
Nd6 41. g4 Kf8 42. h5 Ke7 43. g5 Nf5+ 44. Bxf5 exf5 45. Kd4 Kd6 46. Ra6 Ke7 47.
c4 bxc4 48. Kxc4 Bf3 49. b5 Be2+ 50. Kb4 Bxh5 51. b6 Be2 52. bxc7 1-0

[Event "Znojemska rotunda 2003"]
[Site "?"]
[Date "????.??.??"]
[Round "7"]
[White "Kulovana, Eva"]
[Black "Stanek, Petr"]
[Result "1-0"]
[WhiteElo "2039"]
[BlackElo "1780"]
[PlyCount "93"]

1. e4 e5 2. Nf3 f5 3. Nxe5 Qf6 4. d4 d6 5. Nc4 fxe4 6. Nc3 Bf5 7. Be3 Qf7 8. d5
Nf6 9. Be2 a6 10. a4 Nbd7 11. h3 h6 12. Qd4 Be7 13. a5 O-O 14. g4 Bh7 15. O-O-O
Rab8 16. h4 b5 17. axb6 cxb6 18. g5 b5 19. Nd2 b4 20. Ncxe4 Nxe4 21. Nxe4 Rfc8
22. gxh6 Nc5 23. Nxc5 Rxc5 24. Bd3 Bxd3 25. Qxd3 Rc7 26. Rhg1 Bf6 27. Bd4 Rbc8
28. Rd2 b3 29. c3 Re8 30. hxg7 Bxd4 31. Qxd4 Qf5 32. Qd3 Qf4 33. Qd4 Qf5 34.
Qb6 Rce7 35. Qxb3 Re1+ 36. Rxe1 Rxe1+ 37. Rd1 Qf4+ 38. Kb1 Rxd1+ 39. Qxd1 Qxf2
40. Qd4 Qf1+ 41. Ka2 Qb5 42. h5 Qa5+ 43. Kb1 Qb5 44. h6 Qf1+ 45. Ka2 Qb5 46.
Qe4 Qa5+ 47. Kb1 1-0

[Event "Znojemska rotunda 2003"]
[Site "?"]
[Date "????.??.??"]
[Round "7"]
[White "Rulfova, Zuzana"]
[Black "Skovron, Josef"]
[Result "0-1"]
[WhiteElo "1371"]
[BlackElo "1761"]
[PlyCount "94"]

1. e4 c5 2. Nf3 Nc6 3. Bc4 e6 4. Nc3 Be7 5. O-O Nf6 6. d4 cxd4 7. Nxd4 O-O 8.
Nf3 a6 9. a3 Qc7 10. Bg5 b5 11. Bd3 Ne5 12. Bf4 Bd6 13. Nxe5 Bxe5 14. Bxe5 Qxe5
15. f4 Qd4+ 16. Kh1 Bb7 17. Rb1 Kh8 18. Ne2 Qc5 19. b4 Qh5 20. Ng3 Qh4 21. Qe1
Rg8 22. Kg1 Ng4 23. h3 Nf6 24. Nh1 Qh6 25. e5 Nd5 26. Be4 g5 27. Nf2 gxf4 28.
Ng4 Qg5 29. Nf6 Rg7 30. Rf2 Qxe5 31. Nxd7 Qh5 32. Kh2 Rag8 33. Bxd5 Bxd5 34.
Qc3 e5 35. Rg1 f3 36. g3 Qf5 37. Nxe5 Be6 38. g4 Qf4+ 39. Kh1 h5 40. Rxf3 Bd5
41. g5 f6 42. Kg2 fxe5 43. Kf2 Qxf3+ 44. Qxf3 Bxf3 45. Kxf3 Rxg5 46. Rxg5 Rxg5
47. Ke4 Rg3 0-1

[Event "Znojemska rotunda 2003"]
[Site "?"]
[Date "????.??.??"]
[Round "7"]
[White "Kireev, Aleksei"]
[Black "Holemar, David"]
[Result "1/2-1/2"]
[WhiteElo "2276"]
[BlackElo "2311"]
[PlyCount "85"]

1. d4 Nf6 2. Bg5 Ne4 3. Bh4 g5 4. f3 gxh4 5. fxe4 c5 6. e3 Bh6 7. Kf2 cxd4 8.
exd4 d5 9. Bb5+ Nc6 10. Nc3 dxe4 11. Nxe4 Qd5 12. Qd3 Bf5 13. Re1 O-O-O 14.
Bxc6 Qxc6 15. Qc3 Qxc3 16. bxc3 Rhg8 17. Nf3 Rg4 18. Nc5 e6 19. Nd3 h3 20. gxh3
Rg7 21. Rhg1 Bxh3 22. Rxg7 Bxg7 23. Ng5 Bf6 24. Re3 Bxg5 25. Rxh3 h6 26. Rf3 f6
27. Nc5 Rd6 28. Ke2 Rb6 29. Kd3 Kd8 30. Rf1 Ke7 31. a4 Kf7 32. Rh1 Bf4 33. Rf1
Bxh2 34. Nd7 Ra6 35. Nxf6 Ke7 36. Ng4 Bc7 37. Nxh6 Rxa4 38. Rf7+ Kd6 39. Rh7
Ra1 40. Nf7+ Kc6 41. Rh6 Kd7 42. Rh7 Kc6 43. Rh6 1/2-1/2

[Event "Znojemska rotunda 2003"]
[Site "?"]
[Date "????.??.??"]
[Round "7"]
[White "Svihel, Karel"]
[Black "Docekal, Jan"]
[Result "0-1"]
[WhiteElo "2136"]
[BlackElo "2016"]
[PlyCount "94"]

1. e4 d6 2. c4 Nf6 3. Nc3 c5 4. d4 cxd4 5. Qxd4 Nc6 6. Qd1 g6 7. Nf3 Bg7 8. Be2
O-O 9. O-O Bg4 10. Bg5 Rc8 11. Rc1 Bxf3 12. Bxf3 Ne5 13. b3 Nxf3+ 14. Qxf3 h6
15. Be3 a6 16. Rfd1 Nd7 17. Qh3 Kh7 18. Nd5 b5 19. cxb5 Rxc1 20. Rxc1 axb5 21.
Rc7 e6 22. Bxh6 Bxh6 23. Rxd7 Qa5 24. Nf6+ Kg7 25. g3 Kxf6 26. Qxh6 Qe1+ 27.
Kg2 Qxe4+ 28. Kh3 Qf5+ 29. Kg2 Qe4+ 30. Kh3 Qf5+ 31. Kh4 Qxf2 32. Qf4+ Qxf4+
33. gxf4 d5 34. Rb7 Ra8 35. Rxb5 Rxa2 36. Kg3 Kf5 37. Rb7 f6 38. b4 Ra3+ 39.
Kg2 Kxf4 40. h4 Ra2+ 41. Kf1 Rb2 42. b5 Kg4 43. Rb6 Kf5 44. Rb8 Rb4 45. h5 gxh5
46. b6 Rb2 47. b7 h4 0-1

[Event "Znojemska rotunda 2003"]
[Site "?"]
[Date "????.??.??"]
[Round "7"]
[White "Prokopec, Zdenek"]
[Black "Kulovany, Radomir"]
[Result "1-0"]
[WhiteElo "1680"]
[BlackElo "1483"]
[PlyCount "69"]

1. e4 d5 2. exd5 Nf6 3. c4 c6 4. dxc6 Nxc6 5. Nf3 Bg4 6. Be2 e6 7. b3 Be7 8.
Bb2 O-O 9. O-O Nb4 10. Re1 Nd3 11. Bxd3 Qxd3 12. Ne5 Qf5 13. Nxg4 Nxg4 14. f3
Nh6 15. Qe2 b6 16. Qe5 Qg6 17. Qe4 Nf5 18. Na3 Rfd8 19. Rad1 Rab8 20. Nc2 Qg5
21. d4 Bf6 22. Ba1 Rd7 23. d5 Rbd8 24. Nb4 Nd6 25. Qe2 exd5 26. Bxf6 Qxf6 27.
Nxd5 Qh6 28. Ne7+ Kf8 29. Nf5 Qf6 30. Nxd6 Rxd6 31. Rxd6 Qxd6 32. Qc2 Qd4+ 33.
Qf2 Qc3 34. Qe3 Qb2 35. Qe7+ 1-0

[Event "Znojemska rotunda 2003"]
[Site "?"]
[Date "????.??.??"]
[Round "7"]
[White "Voborny, David"]
[Black "Stanek, Karel"]
[Result "1-0"]
[WhiteElo "1729"]
[BlackElo "1629"]
[PlyCount "47"]

1. d4 d5 2. c4 e6 3. Nf3 Nf6 4. Bg5 Nbd7 5. e3 c6 6. Bd3 Qa5+ 7. Nbd2 Ne4 8.
O-O Nxg5 9. Nxg5 dxc4 10. Nxf7 Kxf7 11. Nxc4 Qc7 12. e4 b5 13. Ne3 e5 14. d5
Nc5 15. Rc1 Qb6 16. dxc6 Nxd3 17. Qxd3 Be6 18. Nd5 Qb8 19. c7 Qb7 20. f4 exf4
21. Rxf4+ Ke8 22. Qc3 Bd6 23. Qxg7 Rg8 24. Nf6# 1-0

[Event "Znojemska rotunda 2003"]
[Site "?"]
[Date "????.??.??"]
[Round "7"]
[White "Kosik, Jaroslav"]
[Black "Dvorak, Miloslav"]
[Result "1/2-1/2"]
[WhiteElo "1422"]
[BlackElo "1541"]
[PlyCount "67"]

1. e4 e5 2. Nf3 d6 3. d4 exd4 4. Nxd4 Nd7 5. Bd3 Ne5 6. Be3 c6 7. O-O g6 8. c3
Nf6 9. f3 c5 10. Ne2 c4 11. Bc2 b5 12. Nd2 a5 13. b3 Be6 14. Nd4 Qd7 15. Rb1 d5
16. Nxe6 fxe6 17. Bd4 Qc7 18. Bxe5 Qxe5 19. exd5 Qxd5 20. bxc4 bxc4 21. Ba4+
Kf7 22. Rb5 Bc5+ 23. Kh1 Rhc8 24. Qc2 Rcb8 25. Rfb1 Nd7 26. Ne4 Rxb5 27. Rxb5
Qe5 28. Qd2 Ra7 29. Rxa5 Rb7 30. Rb5 Be3 31. Nd6+ Kf8 32. Rxe5 Bxd2 33. Nxb7
Nxe5 34. Nd6 1/2-1/2

[Event "Znojemska rotunda 2003"]
[Site "?"]
[Date "????.??.??"]
[Round "7"]
[White "Blazek, Milos"]
[Black "Mlensky, Dalibor"]
[Result "1/2-1/2"]
[WhiteElo "2090"]
[BlackElo "2085"]
[PlyCount "58"]

1. e4 d5 2. exd5 Qxd5 3. Nc3 Qa5 4. d4 Nf6 5. Bc4 Bg4 6. Nge2 e6 7. O-O c6 8.
Bf4 Nbd7 9. f3 Bf5 10. Ng3 Bg6 11. a3 Be7 12. Re1 O-O 13. b4 Qd8 14. Nce4 Nd5
15. Bd2 Bh4 16. Bb3 N7f6 17. Nf2 Qc7 18. c4 Nf4 19. Qc1 N6h5 20. Bxf4 Qxf4 21.
Qxf4 Nxf4 22. Nge4 Bxe4 23. Rxe4 Ng6 24. g3 Bf6 25. Rd1 a5 26. d5 exd5 27. cxd5
axb4 28. axb4 Ra3 29. Re3 Ra1 1/2-1/2

[Event "Znojemska rotunda 2003"]
[Site "?"]
[Date "????.??.??"]
[Round "7"]
[White "Komprda, Pavel"]
[Black "Svoboda, Jiri"]
[Result "1-0"]
[WhiteElo "2055"]
[BlackElo "1825"]
[PlyCount "63"]

1. e4 Nf6 2. d3 d5 3. e5 Nfd7 4. d4 c5 5. c3 Nc6 6. Nf3 e6 7. a3 Be7 8. Bd3 Qb6
9. O-O cxd4 10. Re1 dxc3 11. Nxc3 O-O 12. Bc2 Rd8 13. Bg5 f6 14. exf6 Nxf6 15.
Qd3 h6 16. Bxf6 Bxf6 17. Rad1 Ne7 18. Qh7+ Kf7 19. Ne5+ Bxe5 20. Rxe5 Rf8 21.
Re3 Ke8 22. Qxg7 Qxb2 23. Ba4+ Bd7 24. Bxd7+ Kxd7 25. Rxd5+ Ke8 26. Re2 Qxe2
27. Nxe2 exd5 28. Qxh6 Rc8 29. g3 Rc2 30. Nf4 d4 31. Qd6 Nc6 32. Qg6+ 1-0

[Event "Znojemska rotunda 2003"]
[Site "?"]
[Date "????.??.??"]
[Round "7"]
[White "Doxansky, Josef"]
[Black "Divis, Jan"]
[Result "1/2-1/2"]
[WhiteElo "1826"]
[BlackElo "1681"]
[PlyCount "58"]

1. e4 g6 2. d4 Bg7 3. Nf3 d6 4. Be2 Nf6 5. Nc3 O-O 6. O-O Nbd7 7. Be3 Ng4 8.
Qd2 Nxe3 9. Qxe3 e5 10. Rad1 exd4 11. Nxd4 a6 12. f4 Re8 13. f5 c5 14. fxg6
hxg6 15. Nf3 Ne5 16. Nxe5 Rxe5 17. Qf4 Be6 18. Rd2 Qe7 19. Rfd1 Rd8 20. Bf3 Kh7
21. Qg3 Bf6 22. Bg4 Kg7 23. Bxe6 fxe6 24. Rd3 Rg5 25. Qf3 Bd4+ 26. Kh1 Rf8 27.
Qh3 Rh5 28. Qg4 Rg5 29. Qh3 Rh5 1/2-1/2

[Event "Znojemska rotunda 2003"]
[Site "?"]
[Date "????.??.??"]
[Round "7"]
[White "Spilka, Jaroslav"]
[Black "Rajnoha, Lubos"]
[Result "0-1"]
[WhiteElo "1388"]
[BlackElo "1383"]
[PlyCount "76"]

1. e4 e5 2. Nf3 Nc6 3. Bb5 a6 4. Ba4 Nf6 5. Nc3 Bc5 6. O-O O-O 7. h3 d6 8. d3
b5 9. Bb3 Na5 10. Nd5 Nxb3 11. Nxf6+ Qxf6 12. axb3 c6 13. c3 d5 14. Re1 Re8 15.
Be3 Bd6 16. Bg5 Qg6 17. Kh2 h6 18. Bh4 f5 19. exd5 cxd5 20. g3 e4 21. Nd4 Qf7
22. Nxb5 Bb8 23. f4 Bb7 24. Nd4 a5 25. Ra4 Bc7 26. c4 Bb6 27. Nb5 Bf2 28. Re2
e3 29. Nd6 Qd7 30. Nxe8 Qxe8 31. d4 dxc4 32. bxc4 Bf3 33. Qc2 Bxe2 34. c5 Bd1
35. Qxd1 e2 36. Qb3+ Kh8 37. Ra1 e1=Q 38. Rxe1 Qxe1 0-1

[Event "Znojemska rotunda 2003"]
[Site "?"]
[Date "????.??.??"]
[Round "7"]
[White "Antos, Jakub"]
[Black "Ruzicka, Frantisek"]
[Result "1-0"]
[WhiteElo "1751"]
[BlackElo "1679"]
[PlyCount "25"]

1. e4 g6 2. d4 Bg7 3. Nc3 d6 4. f4 e6 5. Nf3 Nd7 6. Be2 b6 7. O-O Bb7 8. f5 Ne7
9. fxe6 fxe6 10. Ng5 Nf8 11. Nf7 Qd7 12. Nxh8 Bxh8 13. Bh6 1-0

[Event "Znojemska rotunda 2003"]
[Site "?"]
[Date "????.??.??"]
[Round "7"]
[White "Havel, Vojtech"]
[Black "Talpa, Pavel"]
[Result "0-1"]
[WhiteElo "1364"]
[BlackElo "1870"]
[PlyCount "20"]

1. e4 d5 2. exd5 Nf6 3. d4 Nxd5 4. c4 Nb4 5. Nf3 c6 6. Nc3 Bf5 7. Nh4 Nc2+ 8.
Ke2 Nxd4+ 9. Ke3 e5 10. Ne2 Nc2+ 0-1

[Event "Znojemska rotunda 2003"]
[Site "?"]
[Date "????.??.??"]
[Round "8"]
[White "Adam, Petr sr"]
[Black "Jurica, Peter"]
[Result "1-0"]
[WhiteElo "2086"]
[BlackElo "2163"]
[PlyCount "53"]

1. d4 g6 2. e4 Bg7 3. Nc3 c6 4. Bc4 d5 5. exd5 b5 6. Bb3 b4 7. Nce2 cxd5 8. Nf3
Nf6 9. O-O O-O 10. Ne5 Ba6 11. Re1 e6 12. Bg5 Qb6 13. a3 bxa3 14. Rxa3 Ne4 15.
Be3 Rd8 16. Ng3 Nd6 17. Qf3 Bb7 18. Bg5 Re8 19. Ba4 Bc6 20. Rb3 Qa5 21. Bxc6
Qxe1+ 22. Nf1 Ne4 23. Re3 Qxf1+ 24. Kxf1 Nd2+ 25. Ke2 Nxf3 26. Rxf3 Rc8 27. Bb7
1-0

[Event "Znojemska rotunda 2003"]
[Site "?"]
[Date "????.??.??"]
[Round "8"]
[White "Ruzicka, Frantisek"]
[Black "Majer, Jiri"]
[Result "1-0"]
[WhiteElo "1679"]
[BlackElo "1572"]
[PlyCount "176"]

1. e4 c5 2. Bc4 Nc6 3. f4 g6 4. Nf3 Bg7 5. c3 e6 6. O-O d5 7. exd5 exd5 8. Bb5
Bd7 9. Bxc6 Bxc6 10. Re1+ Ne7 11. Qe2 Bd7 12. d4 c4 13. Ne5 Be6 14. Nd2 O-O 15.
Ndf3 Qd6 16. h3 Rfe8 17. Bd2 Nc6 18. Qf2 b5 19. a3 a5 20. Qh4 Bf5 21. g4 Bf6
22. Qg3 Be4 23. Rf1 Rab8 24. h4 Bg7 25. h5 gxh5 26. gxh5 Qh6 27. f5 Qxh5 28.
Nxc6 Rb6 29. f6 Qg6 30. Qxg6 hxg6 31. Ne7+ Kf8 32. Ne5 Rxf6 33. Nd7+ Kxe7 34.
Bg5 Kxd7 35. Bxf6 Bh6 36. Be5 Re7 37. Rf6 a4 38. Rb6 f5 39. Rxg6 Rh7 40. Kf2
Be3+ 41. Kxe3 f4+ 42. Kxf4 Bxg6 43. Kg5 Be8 44. Rf1 Rf7 45. Bf6 Rh7 46. Re1
Rh5+ 47. Kg4 Rh6 48. Kf5 Rh5+ 49. Bg5 Rh7 50. Re5 Rh2 51. Rxd5+ Kc6 52. Rc5+
Kb7 53. Ke6 Rxb2 54. Bd8 Rc2 55. Ba5 Ka6 56. Bb4 Kb6 57. Rc8 Re2+ 58. Kd6 Re3
59. Bc5+ Kb7 60. Rc7+ Kb8 61. Re7 Rxe7 62. Kxe7 Bc6 63. Kd6 Kb7 64. d5 Be8 65.
Ke7 Bh5 66. d6 Bg4 67. d7 Bxd7 68. Kxd7 Ka6 69. Kc6 Ka5 70. Kb7 b4 71. Bxb4+
Kb5 72. Ka7 Kc6 73. Ka6 Kc7 74. Ka5 Kc6 75. Kxa4 Kb6 76. Be7 Kc6 77. Kb4 Kb6
78. a4 Ka6 79. Bd8 Kb7 80. Kb5 Ka7 81. a5 Kb7 82. Kxc4 Kc8 83. Bb6 Kb7 84. Kd5
Kc8 85. Kd6 Kb7 86. Kd7 Ka6 87. c4 Kb7 88. c5 Kb8 1-0

[Event "Znojemska rotunda 2003"]
[Site "?"]
[Date "????.??.??"]
[Round "8"]
[White "Divis, Jan"]
[Black "Antos, Jakub"]
[Result "1-0"]
[WhiteElo "1681"]
[BlackElo "1751"]
[PlyCount "103"]

1. d4 Nf6 2. c4 e6 3. Nc3 d5 4. e3 Nbd7 5. Nf3 b6 6. Bd3 dxc4 7. Bxc4 Bb7 8.
O-O Be7 9. a3 O-O 10. b4 c5 11. bxc5 bxc5 12. Be2 cxd4 13. Nxd4 Rc8 14. Bb2 Nc5
15. Bf3 Ba6 16. Be2 Qb6 17. Bxa6 Qxa6 18. Qe2 Qb7 19. Rab1 Rfd8 20. Rfd1 a6 21.
Ba1 Qc7 22. Nf3 Qa5 23. Rxd8+ Rxd8 24. Ne5 Qc7 25. f4 Nfe4 26. Nxe4 Nxe4 27.
Bd4 Bxa3 28. Bb6 Qb7 29. Qc2 Rd2 30. Qc7 Qxc7 31. Bxc7 Rb2 32. Rxb2 Bxb2 33.
Kf1 Bc3 34. Nc4 Kf8 35. Ke2 f5 36. Kf3 Nd2+ 37. Nxd2 Bxd2 38. Ke2 Bb4 39. Kd3
Ke7 40. Kc4 Bd2 41. Kd3 Bc1 42. e4 Kd7 43. Be5 g6 44. exf5 exf5 45. h3 Kc6 46.
g4 fxg4 47. hxg4 h5 48. f5 gxf5 49. gxh5 f4 50. h6 f3 51. h7 f2 52. Ke2 1-0

[Event "Znojemska rotunda 2003"]
[Site "?"]
[Date "????.??.??"]
[Round "8"]
[White "Petlak, Josef"]
[Black "Dvorak, Libor"]
[Result "0-1"]
[WhiteElo "1923"]
[BlackElo "2074"]
[PlyCount "134"]

1. g3 c5 2. Bg2 Nc6 3. c3 g6 4. e3 Bg7 5. d4 cxd4 6. exd4 d6 7. Nf3 Nf6 8. O-O
O-O 9. Re1 Re8 10. Nbd2 Bf5 11. Nc4 b5 12. Nh4 Bd7 13. d5 Na5 14. Nxa5 Qxa5 15.
a3 Ng4 16. Nf3 Qb6 17. Nd4 Rac8 18. Bg5 Rc4 19. Be3 Nxe3 20. fxe3 a5 21. Qd2 b4
22. axb4 axb4 23. Bf1 bxc3 24. bxc3 Rc5 25. Reb1 Qc7 26. c4 Rb8 27. Rb4 Bh6 28.
Kf2 Qc8 29. Ra7 Rc7 30. Nb5 Rxa7 31. Nxa7 Qc7 32. Rxb8+ Qxb8 33. Nc6 Qe8 34.
Bg2 e6 35. Qc3 exd5 36. cxd5 Bf5 37. Qd4 Bg7 38. Qa7 Bf8 39. Qb7 Qd7 40. Qb8
Qc8 41. Qa7 Bd3 42. e4 Qa6 43. Qxa6 Bxa6 44. Bf1 Bb7 45. g4 g5 46. Bb5 h5 47.
h3 Kh7 48. Nd8 Bc8 49. Kf3 hxg4+ 50. hxg4 Be7 51. Nc6 Bf6 52. Nb8 Kg7 53. Ba6
Bxa6 54. Nxa6 Bc3 55. Nb8 Kf8 56. Ke3 Ke8 57. Kd3 Bf6 58. Kc4 Kd8 59. Kb4 Kc7
60. Nc6 Kb6 61. Na5 Bc3+ 62. Kxc3 Kxa5 63. Kd4 f6 64. e5 fxe5+ 65. Ke4 Kb4 66.
Kf5 Kc4 67. Kxg5 e4 0-1

[Event "Znojemska rotunda 2003"]
[Site "?"]
[Date "????.??.??"]
[Round "8"]
[White "Holemar, David"]
[Black "Vlk, Miroslav"]
[Result "1/2-1/2"]
[WhiteElo "2311"]
[BlackElo "2063"]
[PlyCount "84"]

1. Nc3 d5 2. e4 d4 3. Nce2 e5 4. Ng3 Be6 5. Bb5+ Nd7 6. Ba4 Ngf6 7. Nf3 c6 8.
Bb3 Bd6 9. O-O Nc5 10. Bxe6 fxe6 11. d3 O-O 12. c3 Bc7 13. cxd4 exd4 14. b4 Na6
15. Qb3 Re8 16. Bb2 Kh8 17. Bxd4 e5 18. Bb2 h6 19. Rad1 c5 20. bxc5 Nxc5 21.
Qc2 Qe7 22. d4 exd4 23. e5 Nfd7 24. Bxd4 Ne6 25. Ba1 Ndf8 26. Nf5 Qc5 27. Qe4
Rad8 28. Qxb7 Rxd1 29. Rxd1 Qc2 30. Ne3 Qxa2 31. Bc3 Bb6 32. Qd5 Qa3 33. Qc6
Rd8 34. Rxd8 Bxd8 35. h3 Bb6 36. Bd2 Qb2 37. Qd5 a5 38. Qe4 Qb5 39. Nf1 a4 40.
Be3 Bc7 41. Qa8 Kh7 42. Qe4+ Kg8 1/2-1/2

[Event "Znojemska rotunda 2003"]
[Site "?"]
[Date "????.??.??"]
[Round "8"]
[White "Skovron, Josef"]
[Black "Stanek, Karel"]
[Result "0-1"]
[WhiteElo "1761"]
[BlackElo "1629"]
[PlyCount "98"]

1. e4 e6 2. d4 d5 3. Nd2 c5 4. exd5 Qxd5 5. dxc5 Bxc5 6. Qg4 Qe5+ 7. Be2 Ne7 8.
Ngf3 Qf6 9. Ne4 Qf5 10. Qxf5 Bb4+ 11. c3 exf5 12. Ned2 Bc5 13. Nb3 Bb6 14. Nfd4
O-O 15. O-O Nbc6 16. Nxc6 Nxc6 17. Bf4 Be6 18. Bf3 Rac8 19. Rad1 h6 20. Rfe1 g5
21. Be3 Bxe3 22. Rxe3 Rfd8 23. Ree1 g4 24. Be2 Kg7 25. Rxd8 Rxd8 26. Rd1 Rxd1+
27. Bxd1 b6 28. Kf1 Kf6 29. Nc1 Ne5 30. b3 30... h5 {(=)} 31. Ke1 h4 32. Kd2
Bd5 33. g3 hxg3 34. hxg3 Nf3+ 35. Ke3 Kg5 36. Nd3 f6 37. c4 Bb7 38. Nf4 Ng1 39.
Nd5 Nh3 40. b4 Kg6 41. Nf4+ Kf7 42. f3 Bc8 43. Nxh3 gxh3 44. f4 Bb7 45. Bf3 Be4
46. c5 bxc5 47. bxc5 h2 48. c6 Bxf3 49. c7 Bb7 0-1

[Event "Znojemska rotunda 2003"]
[Site "?"]
[Date "????.??.??"]
[Round "8"]
[White "Skaroupka, Jiri"]
[Black "Kireev, Aleksei"]
[Result "1/2-1/2"]
[WhiteElo "2105"]
[BlackElo "2276"]
[PlyCount "119"]

1. d4 g6 2. c4 d6 3. Nc3 c6 4. e4 e5 5. dxe5 dxe5 6. Qxd8+ Kxd8 7. f4 Nd7 8.
Nf3 Bg7 9. Be2 Ke7 10. O-O exf4 11. Bxf4 f6 12. Rad1 Ne5 13. b4 Be6 14. c5 Rd8
15. Rxd8 Nxf3+ 16. Bxf3 Kxd8 17. Bb8 a6 18. Rd1+ Ke7 19. a4 Nh6 20. Bd6+ Kf7
21. b5 axb5 22. axb5 Ra8 23. bxc6 bxc6 24. Rb1 Bd7 25. Rb7 Ke8 26. Kf2 Nf7 27.
Rb8+ Rxb8 28. Bxb8 Bf8 29. Na4 Ne5 30. Bxe5 fxe5 31. Ke3 Be6 32. Bd1 Bc4 33.
Kd2 Bb5 34. Kc3 Bh6 35. Nb2 Be3 36. Nd3 Bd4+ 37. Kd2 Ke7 38. Bc2 Kf6 39. Bd1
Kg5 40. Be2 Kf6 41. Bg4 Bg1 42. h3 Bd4 43. Bd7 Ke7 44. Bc8 h5 45. h4 Bc4 46. g4
Kd8 47. Bb7 Kc7 48. gxh5 gxh5 49. Ba8 Bxd3 50. Kxd3 Bf2 51. Ke2 Bxh4 52. Kf3
Be1 53. Kg2 Bb4 54. Kh3 Bxc5 55. Kh4 Kb6 56. Kxh5 Kb5 57. Kg4 Bd4 58. Kf3 c5
59. Ke2 Kb4 60. Kd3 1/2-1/2

[Event "Znojemska rotunda 2003"]
[Site "?"]
[Date "????.??.??"]
[Round "8"]
[White "Galvanek, Ladislav"]
[Black "Kubicek, Pavel"]
[Result "0-1"]
[WhiteElo "2067"]
[BlackElo "1821"]
[PlyCount "92"]

1. d4 Nf6 2. c4 g6 3. Nc3 d5 4. cxd5 Nxd5 5. e4 Nxc3 6. bxc3 Bg7 7. Nf3 O-O 8.
Be3 c5 9. Rc1 Qa5 10. Qd2 Rd8 11. d5 Bg4 12. c4 Qa3 13. Bd3 Bxf3 14. gxf3 Nc6
15. O-O Nd4 16. Bxd4 Bxd4 17. Rb1 Qa6 18. f4 f6 19. Rfe1 Rf8 20. Rb3 Rab8 21.
Kh1 Qd6 22. Bf1 e5 23. Bh3 exf4 24. Be6+ Kg7 25. Qe2 h5 26. Rg1 Rh8 27. Rh3 Rh6
28. Rxh5 Rbh8 29. Rxh6 Rxh6 30. h3 Qe5 31. Rg2 31... Qh5 {(=)} 32. Bg4 Qe5 33.
Qf3 Qd6 34. Bf5 g5 35. Qg4 Qb6 36. Qxf4 Qb1+ 37. Kh2 Be5 38. Rxg5+ Kf8 39. Qxe5
fxe5 40. Be6 Rh8 41. Rxe5 Qxa2 42. Rf5+ Ke8 43. d6 Qd2 44. e5 a5 45. Bd5 Qc3
46. f3 Qc2+ 0-1

[Event "Znojemska rotunda 2003"]
[Site "?"]
[Date "????.??.??"]
[Round "8"]
[White "Ruzickova, Radka"]
[Black "Svihel, Karel"]
[Result "0-1"]
[WhiteElo "1839"]
[BlackElo "2136"]
[PlyCount "80"]

1. e4 Nf6 2. e5 Nd5 3. c4 Nb6 4. d4 d6 5. exd6 cxd6 6. d5 e5 7. Bd3 g6 8. Ne2
Bg7 9. Ng3 f5 10. f3 N8d7 11. Nc3 Nc5 12. O-O Bd7 13. Qe2 O-O 14. Bd2 a5 15.
Bc2 Re8 16. b3 Nc8 17. Rab1 h5 18. Qf2 Kh8 19. Nge2 Qf6 20. Qg3 {(=)} 20... Ne7
21. Nc1 f4 22. Qf2 Nf5 23. Ne4 Nxe4 24. Bxe4 Nh4 25. Ne2 g5 26. Kh1 Rg8 27. g3
Nf5 28. gxf4 exf4 29. Bc3 Qh6 30. Bxg7+ Rxg7 31. Bxf5 Bxf5 32. Rbe1 Rag8 33.
Nd4 Bh3 34. Rg1 g4 35. Qh4 Rg5 36. Ne6 R5g6 37. fxg4 Bxg4 38. h3 Bf3+ 39. Kh2
Rg2+ 40. Rxg2 Rxg2+ 0-1

[Event "Znojemska rotunda 2003"]
[Site "?"]
[Date "????.??.??"]
[Round "8"]
[White "Docekal, Jan"]
[Black "Dobes, Oldrich"]
[Result "1/2-1/2"]
[WhiteElo "2016"]
[BlackElo "2043"]
[PlyCount "82"]

1. Nf3 Nf6 2. c4 d6 3. Nc3 c5 4. g3 g6 5. Bg2 Bg7 6. O-O O-O 7. d3 Nc6 8. a3
Rb8 9. Rb1 Ng4 10. Bd2 Bd7 11. b4 b6 12. b5 Nce5 13. Nxe5 Nxe5 14. h3 Bc8 15.
f4 Nd7 16. Kh2 Bb7 17. e4 e6 18. Qb3 Qc7 19. Rbe1 Rbe8 20. a4 f5 21. Re2 Nf6
22. Rfe1 fxe4 23. Nxe4 Nxe4 24. Bxe4 Bxe4 25. Rxe4 Qf7 26. a5 e5 27. Qa2 g5 28.
Bc1 exf4 29. gxf4 Rxe4 30. Rxe4 gxf4 31. Bxf4 Re8 32. Qe2 Rxe4 33. Qxe4 Qxf4+
34. Qxf4 Be5 35. Qxe5 dxe5 36. axb6 axb6 37. Kg3 Kg7 38. Kf3 Kf6 39. Ke4 Ke6
40. h4 h5 41. Ke3 41... Kf5 {(107 min : 119 min)} 1/2-1/2

[Event "Znojemska rotunda 2003"]
[Site "?"]
[Date "????.??.??"]
[Round "8"]
[White "Mlensky, Dalibor"]
[Black "Komprda, Pavel"]
[Result "1/2-1/2"]
[WhiteElo "2085"]
[BlackElo "2055"]
[PlyCount "94"]

1. d4 Nf6 2. Nc3 d5 3. h3 Bf5 4. Bg5 e6 5. e3 Be7 6. Nge2 h6 7. Bf4 Bd6 8. g4
Bh7 9. Bg2 Nc6 10. a3 Na5 11. O-O Nc4 12. Qc1 g5 13. b3 Bxa3 14. Qd1 Bb2 15.
bxc4 Bxa1 16. Bxc7 Qxc7 17. Nb5 Qd7 18. Qxa1 O-O 19. Na3 Be4 20. f3 Bg6 21. h4
Kg7 22. hxg5 hxg5 23. e4 Rh8 24. e5 Ng8 25. Qc1 dxc4 26. Qxg5 Qe7 27. Qe3 Qh4
28. Nxc4 Ne7 29. Na3 Nd5 30. Qd2 a5 31. Rb1 b6 32. Rb5 Rac8 33. c4 Ne3 34. Nf4
Qh2+ 35. Kf2 Nxg2 36. Nxg2 Qh1 37. Qe1 Rcd8 38. d5 exd5 39. cxd5 Qh2 40. Qe3
Rh3 41. Qf4 Qxf4 42. Nxf4 Rh2+ 43. Kg3 Ra2 44. Nxg6 Rxa3 45. Nh4 a4 46. Nf5+
Kf8 47. Rxb6 Ra8 1/2-1/2

[Event "Znojemska rotunda 2003"]
[Site "?"]
[Date "????.??.??"]
[Round "8"]
[White "Kulovany, Radek"]
[Black "Havel, Vojtech"]
[Result "0-1"]
[WhiteElo "1450"]
[BlackElo "1364"]
[PlyCount "72"]

1. e4 e5 2. Nf3 Nc6 3. d4 Nf6 4. Nc3 Bb4 5. d5 Na5 6. Bd2 b6 7. Nb5 Bxd2+ 8.
Qxd2 d6 9. b4 Nb7 10. Bd3 O-O 11. Qc3 Ne8 12. Qd2 a6 13. Nc3 a5 14. b5 Nc5 15.
h3 Nf6 16. O-O Nh5 17. a4 Nf4 18. Ne2 Nfxd3 19. cxd3 Nb3 20. Qc2 Nxa1 21. Rxa1
Ra7 22. Qd2 Qf6 23. Re1 Bxh3 24. Nh2 Qg6 25. Ng3 Bd7 26. Rc1 f5 27. Rc4 f4 28.
Ngf1 f3 29. g3 Qh5 30. Qd1 Rf7 31. Ne3 Rf6 32. Kh1 Rh6 33. Qg1 Bh3 34. Rc2 Bg2+
35. Nxg2 fxg2+ 36. Qxg2 Qd1+ 0-1

[Event "Znojemska rotunda 2003"]
[Site "?"]
[Date "????.??.??"]
[Round "8"]
[White "Most, Zdenek"]
[Black "Talpa, Pavel"]
[Result "0-1"]
[WhiteElo "2089"]
[BlackElo "1870"]
[PlyCount "92"]

1. e4 c6 2. c4 e5 3. d4 exd4 4. Qxd4 Qf6 5. e5 Qe6 6. g3 c5 7. Qe3 Nc6 8. f4
Nd4 9. Na3 Qc6 10. Bd3 Qxh1 11. Be4 Qxh2 12. Bd2 Nh6 13. O-O-O Ng4 14. Qe1 Qxg1
15. Qxg1 Ne2+ 16. Kb1 Nxg1 17. Rxg1 a6 18. Bf3 f5 19. Re1 Be7 20. Bd5 h5 21.
Nc2 h4 22. gxh4 Rxh4 23. b4 Rh2 24. Bc1 a5 25. b5 Bh4 26. Rd1 Ra7 27. Bf3 b6
28. Rd6 Bb7 29. Bd5 Bxd5 30. cxd5 Rb7 31. Ne3 Be7 32. Nc4 Rh6 33. Rxh6 gxh6 34.
d6 Bd8 35. Kc2 Kf7 36. Kd3 Ke6 37. Bd2 Bh4 38. Be3 Nxe3 39. Kxe3 Kd5 40. Kd3
Bg3 41. Ne3+ Ke6 42. Ng2 Rb8 43. Ke2 Rg8 44. Kf3 h5 45. Ne3 h4 46. Nc4 Rb8 0-1